| 000 | 00415nam a2200145Ia 4500 | ||
|---|---|---|---|
| 008 | 151213s9999 xx 000 0 und d | ||
| 100 | _aNorman Irastated by - E. V. Riew | ||
| 245 |
_aThe Iliad _cNorman Irastated by - E. V. Riew |
||
| 260 |
_aLondon _bPenguin Book _c2003 |
||
| 300 | _a3545 p. | ||
| 650 | _aEnglish Literature | ||
| 650 | _aLiterature | ||
| 700 | _aNorman Irastated by - E. V. Riew | ||
| 999 |
_c2349 _d2349 |
||